| 000 | 01101nam a22003017a 4500 | ||
|---|---|---|---|
| 005 | 20121129143621.0 | ||
| 008 | 121129t xxu||||| |||| 00| 0 eng d | ||
| 010 | _aENG-106248 | ||
| 020 |
_a9781259028649 _c525.00 |
||
| 020 |
_a125902864x _c525.00 |
||
| 035 | _aEN-89781 | ||
| 037 | _bDBAD/PUB | ||
| 040 |
_aDPL _bEng |
||
| 082 | _a658 | ||
| 100 |
_aDias, Laura Portolese _953917 |
||
| 245 | 0 | 0 |
_aIntroduction to business / _cby Laura Portolese Dias [and] Amit J. Shah |
| 260 |
_aNew Delhi _bTata McGraw-Hill _c2012 |
||
| 270 |
_a7 West Patel Nagar _bNew delhi _e110008 |
||
| 300 |
_axix522p.. : _bill. _c26cm(pbk) |
||
| 500 | _aIncludes index | ||
| 650 | 0 |
_aBusiness. _953915 |
|
| 650 | 0 |
_aIndustrial management. _953918 |
|
| 650 | 0 |
_aSmall business _xManagement. _953919 |
|
| 700 |
_aShah, Amit J. _953920 |
||
| 942 |
_2ddc _cEN _h658 _mDIA |
||
| 999 |
_c71719 _d71719 |
||